Life lessons for mastering the law of attraction: (Record no. 27232)

MARC details
000 -LEADER
fixed length control field 01024nam a22002654a 4500
005 - DATE AND TIME OF LATEST TRANSACTION
control field 20090604145539.0
008 - FIXED-LENGTH DATA ELEMENTS--GENERAL INFORMATION
fixed length control field 020212s2002 flua 000 0 eng
010 ## - LCCN (DPL NO)
LC control number ENG-93885
020 ## - INTERNATIONAL STANDARD BOOK NUMBER
International Standard Book Number 9788189975869
Terms of availability 275.00
035 ## - SYSTEM CONTROL NUMBER
System control number EN-77418
037 ## - SOURCE OF ACQUISITION
Source of stock number/acquisition DBAD / PUB
040 ## - CATALOGING SOURCE
Original cataloging agency dpl
Language of cataloging English
082 ## - DEWEY DECIMAL CLASSIFICATION NUMBER
Classification number 650.1
245 ## - TITLE STATEMENT
Title Life lessons for mastering the law of attraction:
Remainder of title 7 essential ingredients for living a prosperous life /
Statement of responsibility, etc by Jack Canfield ... [et al.]
260 ## - PUBLICATION, DISTRIBUTION, ETC. (IMPRINT)
Place of publication, distribution, etc New Delhi
Name of publisher, distributor, etc Westland
Date of publication, distribution, etc 2008
270 ## - ADDRESS
Address F-5 Okhla Industrial Area, Phase-I, Mezzanine Floor
City New Delhi
Postal code 110020
300 ## - PHYSICAL DESCRIPTION
Extent xiv, 330 p.
Dimensions 23cm(pbk)
650 ## - SUBJECT ADDED ENTRY--TOPICAL TERM
Topical term or geographic name as entry element Success
General subdivision Psychological aspects.
650 ## - SUBJECT ADDED ENTRY--TOPICAL TERM
Topical term or geographic name as entry element Intentionalism.
650 ## - SUBJECT ADDED ENTRY--TOPICAL TERM
Topical term or geographic name as entry element Health.
650 ## - SUBJECT ADDED ENTRY--TOPICAL TERM
Topical term or geographic name as entry element Wealth.
700 ## - ADDED ENTRY--PERSONAL NAME
Personal name Canfield, Jack,
942 ## - ADDED ENTRY ELEMENTS (KOHA)
Source of classification or shelving scheme Dewey Decimal Classification
Item type English Books
Call number suffix LIF
Classification part 650.1
Holdings
Withdrawn status Lost status Source of classification or shelving scheme Damaged status Not for loan Collection code Home library Current library Date acquired Source of acquisition Cost, normal purchase price Total Checkouts Full call number Barcode Date last seen Copy number Cost, replacement price Koha item type
    Dewey Decimal Classification   Not For Loan Non-fiction D.B.Act.Division D.B.Act.Division 04/06/2009 DBAD / PUB 275.00   650.1 LIF EN-77418 04/06/2009 1 275.00 English Books

© Delhi Public Library
Hit Counter
free hit counter